000 00329nam a22001457a 4500
008 210309b ||||| |||| 00| 0 eng d
020 _a9781118990896
041 _aeng
080 _a004
082 _a004
100 _a35
101 _aSHKI
245 _aOSX Yosemite all in one for Dummies
_cChambers,L.M
942 _2udc
_cBK
999 _c56057
_d56057